| 000 | 01716 a2200205 4500 | ||
|---|---|---|---|
| 003 | Nust | ||
| 005 | 20230718110220.0 | ||
| 010 | _a 70038135 | ||
| 020 | _a007022157X | ||
| 040 | _cNust | ||
| 082 | 0 | 0 | _a604.2,FRE |
| 100 | 1 |
_aFrench, Thomas Ewing, _93515 |
|
| 245 | 1 | 0 |
_aA Manual of Engineering drawing : _bfor Student and Draftsmen / _cThomas E. French & Charles J. Vierck. |
| 260 |
_aNew York, _bMcGraw Hill _c[1953] |
||
| 300 |
_ax, 715 p. _billus. _c25 cm. |
||
| 505 | _aIntroductory (Page-1), Lettering (Page-5), The Selection of Instrument (Page-29), The use of Instruments (Page-42), Applied Geometry (Page-67), Orthographic Projection (Page-97), Orthographic Reading (Page-115), Orthographic Freehand Drawing (Page-130), Orthographic Instrument Drawing (Page-142), Auxiliary Views (Page-169), Oblique Views (Page-189), Rotation (Page-198), Section and Conventions (Page-210), Intersections (Page-238), Developments (Page-249), Pictorial Drawing (Page-265), Perspective Drawing (Page-295), Pictorial Sketching (Page-309), The Drawing and the Shop (Page-317), Dimensions and Notes (Page-332), Precision and Limit Dimensioning (Page-363), Screw Threads (Page-392), Threaded Fasteners (Page-410), Keys, Rivets and Springs (Page-426), Piping Drawing (Page-434), Welding Drawing (Page-444), Gears and Cams (Page-464), Working Drawings (Page-481), Jigs Ad Fixture (Page-541), The Elements of Structure Drawing (Page-553), The Elements of Architecture Drawing (Page-569), Map and Topographic Drawing (Page-587), Charts, Graphs Ad Diagrams (Page-606), Illustration(Page-620), Notes on Commercial Practice (Page-634). | ||
| 650 | 0 | _aMechanical drawing. | |
| 700 | 1 |
_aVierck, Charles J. _93516 |
|
| 942 |
_2ddc _cBK |
||
| 999 |
_c182816 _d182816 |
||